000 00372nam a2200169Ia 4500
001 18174
003 IN-NITTTR
005 20251114233212.0
008 251113s9999||||xx |||||||||||||| ||eng||
040 _beng
040 _cIN-NITTTR
041 _aeng
082 _a760 H11G
100 _aHalas, John
245 0 _aGraphics in motion. /
_cHalas, John
942 _2ddc
_cBK
999 _c20808
_d20808